| 000 | 00404nam a2200157Ia 4500 | ||
|---|---|---|---|
| 999 |
_c10875 _d10875 |
||
| 008 | 191201s2007 xx 000 0 und d | ||
| 020 | _a9789389109344 | ||
| 082 | _a954.01 BAW | ||
| 100 | _aBASHAM, A.L. | ||
| 245 | 0 | _aThe Wonder That Was India: Volume 1 | |
| 250 | _a1st | ||
| 260 |
_aNew Delhi _bPicador India _c2004 |
||
| 300 | _a572 | ||
| 650 | _aBachelor of Mass Communication | ||
| 942 |
_2ddc _cBK |
||